02333cam a22002655a 4500999001700000005001700017008004100034020001800075040003800093082002800131100002300159245012200182250001300304260006300317263000900380300003300389504005200422520130700474650004401781650003701825651001001862653002401872942000801896952016301904 c27288d2725920190327104540.0171215t2018 enka frb 001 0 eng d a9781138707474 aDLCbengcDLCdEG-ScBUEdEG-ScBUE04a616.8914250835bHOW2221 aHowells, Lawrence.10aCognitive behavioural therapy for adolescents and young adults :ban emotion regulation approach /cLawrence Howells. a1st. ed. aOxon ;aNew York :bRoutledge / Taylor & Francis,cc.2018. a1806 axi, 252 p. :bill. ;c24 cm. aIncludes bibliographical references and index.  aCognitive Behavioural Therapy for Adolescents and Young Adults: An Emotion Regulation Approach provides a unique focus on therapeutic practice with adolescents and young adults, covering everything from psychological theories of adolescence to the treatment of common emotional difficulties. Beginning with a review of development through adolescence into adulthood, and the principles of CBT, the book highlights problems with traditional models of CBT for adolescents and young adults. In a fresh approach, this book separates CBT from diagnosis and grounds it instead in emotion science. Adolescents and young adults learn not about disorders and symptoms, but about emotions, emotional ‘traps’, and how they can use CBT to bring about change. There are chapters on fear, sadness, anger, emotion dysregulation, and happiness. Each chapter provides an outline of emotion science, a clear cognitive behavioural formulation (‘trap’), and evidence-based interventions. Clinicians are walked through the process using case illustrations. Cognitive Behavioural Therapy for Adolescents and Young Adults represents a transformation of CBT practice, and will become a valuable treatment manual to training and practising mental health professionals, especially psychotherapists specialising in CBT. 7aCognitive therapy for teenagers.2BUEsh 7aAdolescent psychotherapy.2BUEsh 2BUEsh bHHUUPPSScMarch2019 2ddc 00102ddc40708AlahramaMAINbMAINc1STd2019-03-25ePurchaseg585.00h525l2m2o616.8914250835 HOWp000043281r2025-07-15 00:00:00s2022-02-22v731.25yBB